Game Show or Not? Quiz Stats

 Plays Quiz Updated Jan 10, 2019

Support Sporcle.
Go Orange.
Score 0/20 Timer 03:00
2 Plays Today
% Correct
Wheel of Fortune
97.1%
Deal or No Deal
97%
Jeopardy!
97%
The Price Is Right
97%
Family Feud
96.3%
The Newlywed Game
92%
Let's Make a Deal
92%
Cash Cab
90.5%
Password
87.8%
Love Connection
85.6%
% Correct
Match Game
85.4%
What's My Line
85.1%
Supermarket Sweep
82.2%
Press Your Luck
81.7%
Card Sharks
77%
Truth or Consequences
74%
Battle of the Network Stars
68.7%
Tic-Tac-Dough
60.5%
Queen for a Day
40.1%
Strip Poker
30.6%

From the Vault

Unscripted Movie Scenes

by FilipinoBreloom

Movies 4m
Sometimes it's better to just make things up as you go.
Remove Ads.
Support Sporcle.
Get the best of Sporcle when you Go Orange. This ad-free experience offers more features, more stats, and more fun while also helping to support Sporcle. Thank you for becoming a member.

Show Comments

Extras

Top Quizzes Today


Score Distribution

Your Account Isn't Verified!

In order to create a playlist on Sporcle, you need to verify the email address you used during registration. Go to your Sporcle Settings to finish the process.

Report this User

Report this user for behavior that violates our Community Guidelines.

Details: